000
00350nam a2200157Ia 4500
003
OSt
005
20240306162927.0
008
170523s9999 xx 000 0 und d
020
_a
978-9353166526
040
_c
iimtu meerut
100
_a
CHANDRA- P
245
0
_a
FINANCIAL MANAGEMENT
260
_b
MC GRAW HILL
260
_c
2002
942
_2
ddc
_c
02
999
_c
1069
_d
1069